[Event "4NCL Open Section"]
[Site "De Vere High Wycombe ENG"]
[Date "2014.04.26"]
[Round "1.11"]
[White "Nelson, Omowale A"]
[Black "Bates, Richard A"]
[Result "0-1"]
[WhiteElo "187"]
[BlackElo "218"]
[EventDate "2014.04.26"]
[WhiteTeam "Watford"]
[BlackTeam "Hackney "]


	   1.	d4    	Nf6   
	   2.	c4    	g6    
	   3.	Nc3   	Bg7   
	   4.	e4    	d6    
	   5.	Nf3   	O-O   
	   6.	h3    	e5    
	   7.	d5    	Na6   
	   8.	Be3   	Nc5   
	   9.	Nd2   	a5    
	  10.	g4    	c6    
	  11.	Qc2   	a4    
	  12.	O-O-O 	Qa5   
	  13.	Kb1   	Bd7   
	  14.	Be2   	cxd5  
	  15.	cxd5  	Rfc8  
	  16.	g5    	Nfxe4 
	  17.	Nc4   	Nxc3+ 
	  18.	Qxc3  	Bf5+  
	  19.	Ka1   	Qd8   
	  20.	Bxc5  	Rxc5  
	  21.	Qb4   	a3    
	  22.	Nxa3  	Qxg5  
	  23.	Bg4   	Rca5  
	  24.	Bxf5  	Qxf5  
	  25.	Rc1   	e4    
	  26.	Kb1   	e3+   
	  27.	Rc2   	exf2  
	  28.	Rf1   	Rxd5  
	  29.	Nc4   	Re8   
	  30.	a3    	Re2   

0-1

[Event "4NCL Open Section"]
[Site "De Vere High Wycombe ENG"]
[Date "2014.04.26"]
[Round "1.12"]
[White "Eames, Robert S"]
[Black "Tiruchirapalli, Venkataramanan"]
[Result "1/2-1/2"]
[WhiteElo "193"]
[BlackElo "220"]
[EventDate "2014.04.26"]
[WhiteTitle "FM"]
[WhiteTeam "Hackney "]
[BlackTitle "FM"]
[BlackTeam "Watford"]


	   1.	e4    	e5    
	   2.	Nf3   	Nc6   
	   3.	Bb5   	Nd4   
	   4.	Nxd4  	exd4  
	   5.	O-O   	Bc5   
	   6.	d3    	c6    
	   7.	Ba4   	d6    
	   8.	f4    	h5    
	   9.	f5    	Qe7   
	  10.	a3    	Bd7   
	  11.	b4    	Bb6   
	  12.	Bb3   	O-O-O 
	  13.	a4    	Nh6   
	  14.	Bxh6  	Rxh6  
	  15.	Nd2   	d5    
	  16.	a5    	Bc7   
	  17.	a6    	b5    
	  18.	exd5  	Qe5   
	  19.	Nf3   	Qe3+  
	  20.	Kh1   	Bxf5  
	  21.	Qd2   	cxd5  
	  22.	Qxe3  	dxe3  
	  23.	Nd4   	Be6   
	  24.	Nc6   	Bb6   
	  25.	Nxd8  	Kxd8  
	  26.	c3    	d4    
	  27.	Bxe6  	Rxe6  
	  28.	cxd4  	Bxd4  
	  29.	Ra2   	Ke7   
	  30.	g3    	Bc3   
	  31.	Re2   	Bd2   
	  32.	Rf5   	g6    
	  33.	Rxb5  	Rxa6  
	  34.	Kg2   	Kd6   
	  35.	Rb7   	f5    
	  36.	Kf3   	Ke5   
	  37.	h4    	Kd4   
	  38.	Rd7+  	Kc3   
	  39.	b5    	Ra5   
	  40.	Rxe3  	Bxe3  
	  41.	Kxe3  	Rxb5  
	  42.	Rc7+  	Kb4   
	  43.	Rxa7  	Re5+  
	  44.	Kf4   	Rd5   

1/2-1/2

[Event "4NCL Open Section"]
[Site "De Vere High Wycombe ENG"]
[Date "2014.04.26"]
[Round "1.13"]
[White "Charles, Simon"]
[Black "Walker, Nicholas P"]
[Result "1/2-1/2"]
[WhiteElo "157"]
[BlackElo "191"]
[EventDate "2014.04.26"]
[WhiteTeam "Watford"]
[BlackTeam "Hackney "]


	   1.	e4    	e6    
	   2.	d4    	d5    
	   3.	exd5  	exd5  
	   4.	Bb5+  	c6    
	   5.	Qe2+  	Qe7   
	   6.	Qxe7+ 	Nxe7  
	   7.	Bd3   	Bf5   
	   8.	Bxf5  	Nxf5  
	   9.	Nf3   	Bd6   
	  10.	O-O   	O-O   
	  11.	Re1   	Na6   
	  12.	Bd2   	Rfe8  
	  13.	Na3   	f6    
	  14.	c3    	Bxa3  
	  15.	bxa3  	Nd6   
	  16.	a4    	g5    
	  17.	h3    	Kf7   
	  18.	Rab1  	b6    
	  19.	Kf1   	Nc7   
	  20.	Rxe8  	Ncxe8 
	  21.	Ne1   	Nc4   
	  22.	Rd1   	Nb2   
	  23.	Rb1   	Nxa4  
	  24.	Rb4   	b5    
	  25.	Nd3   	Nd6   
	  26.	f3    	Re8   
	  27.	Rb1   	Nc4   
	  28.	Be1   	a5    
	  29.	Kf2   	Re3   
	  30.	Rd1   	h6    
	  31.	Kf1   	f5    
	  32.	Kf2   	Rxd3  
	  33.	Rxd3  	Nab2  
	  34.	Ke2   	f4    
	  35.	Rd2   	Nxd2  
	  36.	Bxd2  	Ke6   
	  37.	Bc1   	Nc4   
	  38.	h4    	Kf5   
	  39.	hxg5  	hxg5  
	  40.	Kd3   	g4    
	  41.	Ke2   	g3    
	  42.	Kd3   	Kg5   
	  43.	Ke2   	Nd6   
	  44.	Ba3   	Nf5   
	  45.	Bc1   	Nh4   
	  46.	Kf1   	Kf5   
	  47.	Bd2   	Ng6   
	  48.	Bc1   	Nf8   
	  49.	Ba3   	Nd7   
	  50.	Ke2   	Nb6   
	  51.	Kd3   	Nc4   
	  52.	Bc1   	a4    
	  53.	Ke2   	Nd6   
	  54.	Ba3   	Ne8   
	  55.	Bc1   	Nc7   
	  56.	Kd3   	Ne6   
	  57.	Ba3   	Kf6   
	  58.	Bd6   	Kf7   
	  59.	Ke2   	Ke8   
	  60.	Ba3   	Kd7   
	  61.	Kd3   	Kc7   
	  62.	Be7   	Kb6   
	  63.	Bd6   	Kb7   
	  64.	Ke2   	Kc8   
	  65.	Kd3   	Kd7   
	  66.	Ba3   	Ke8   
	  67.	Ke2   	Kf7   
	  68.	Bd6   	Kg6   
	  69.	Ba3   	Kf5   
	  70.	Kd3   	Ng5   
	  71.	Ke2   	Ke6   
	  72.	Bc1   	Kf5   
	  73.	Ba3   	Nf7   
	  74.	Kd3   	Nd8   
	  75.	Ke2   	Nb7   
	  76.	Kd3   	Na5   
	  77.	Ke2   	Nc4   
	  78.	Bc1   	Kg5   
	  79.	Kd3   	a3    
	  80.	Ke2   	Kf5   
	  81.	Kd3   	Kg5   

1/2-1/2

[Event "4NCL Open Section"]
[Site "De Vere High Wycombe ENG"]
[Date "2014.04.26"]
[Round "1.14"]
[White "Rogers, Tim  L"]
[Black "Kalerwa, Edwin M"]
[Result "1-0"]
[WhiteElo "190"]
[BlackElo "166"]
[EventDate "2014.04.26"]
[WhiteTeam "Hackney "]
[BlackTeam "Watford"]


	   1.	e4    	c5    
	   2.	Nf3   	d6    
	   3.	d4    	cxd4  
	   4.	Nxd4  	a6    
	   5.	c4    	Nf6   
	   6.	Nc3   	g6    
	   7.	Be2   	Bg7   
	   8.	Be3   	Nc6   
	   9.	O-O   	O-O   
	  10.	Rc1   	Bd7   
	  11.	f3    	Rc8   
	  12.	Qd2   	h5    
	  13.	Rfd1  	Ne5   
	  14.	b3    	h4    
	  15.	h3    	Nh5   
	  16.	f4    	Nc6   
	  17.	Bxh5  	gxh5  
	  18.	Nf3   	Kh7   
	  19.	Qd5   	f5    
	  20.	e5    	Nb4   
	  21.	Qd2   	a5    
	  22.	a3    	Na6   
	  23.	Ng5+  	Kh8   
	  24.	exd6  	e5    
	  25.	fxe5  	Bxe5  
	  26.	Bd4   	Qf6   
	  27.	Bxe5  	Qxe5  
	  28.	Re1   	Qc5+  
	  29.	Kh1   	f4    
	  30.	Nce4  	Qf5   
	  31.	Qd4+  	Kg8   
	  32.	c5    	Bc6   
	  33.	Rcd1  	Nb8   
	  34.	Qc4+  	Kh8   
	  35.	Ne6   	Rfe8  
	  36.	Qd4+  
1-0

[Event "4NCL Open Section"]
[Site "De Vere High Wycombe ENG"]
[Date "2014.04.26"]
[Round "2.11"]
[White "Bates, Richard A"]
[Black "Charles, Simon"]
[Result "1-0"]
[WhiteElo "218"]
[BlackElo "157"]
[EventDate "2014.04.26"]
[WhiteTeam "Hackney "]
[BlackTeam "Watford"]


	   1.	d4    	e6    
	   2.	Nf3   	Nf6   
	   3.	c4    	b6    
	   4.	g3    	Bb7   
	   5.	Bg2   	Be7   
	   6.	O-O   	O-O   
	   7.	Nc3   	d6    
	   8.	Qc2   	Nbd7  
	   9.	e4    	e5    
	  10.	b3    	exd4  
	  11.	Nxd4  	Re8   
	  12.	Bb2   	Ne5   
	  13.	Rae1  	Qc8   
	  14.	f4    	Nc6   
	  15.	Nf5   	Bf8   
	  16.	Nd5   	Nxd5  
	  17.	exd5  	Ne7   
	  18.	Rxe7  	Rxe7  
	  19.	Bxg7  	Qxf5  
	  20.	Qxf5  	Bxg7  
	  21.	Be4   	h6    
	  22.	Qh7+  	Kf8   
	  23.	f5    	Bd4+  
	  24.	Kh1   	Rxe4  
	  25.	f6    	Rg4   
	  26.	Rf4   	Rg6   
	  27.	Qh8+  	Rg8   
	  28.	Qxh6+ 	Ke8   
	  29.	Rxd4  	Kd7   
	  30.	Qh3+  	Kd8   
	  31.	Re4   	Bc8   
	  32.	Qh7   	Re8   
	  33.	Rxe8+ 
1-0

[Event "4NCL Open Section"]
[Site "De Vere High Wycombe ENG"]
[Date "2014.04.26"]
[Round "2.12"]
[White "Kalerwa, Edwin M"]
[Black "Eames, Robert S"]
[Result "0-1"]
[WhiteElo "166"]
[BlackElo "193"]
[EventDate "2014.04.26"]
[WhiteTeam "Watford"]
[BlackTitle "FM"]
[BlackTeam "Hackney "]


	   1.	c4    	e5    
	   2.	Nc3   	Bb4   
	   3.	g3    	Bxc3  
	   4.	bxc3  	d6    
	   5.	Bg2   	f5    
	   6.	Rb1   	c6    
	   7.	Ba3   	Nf6   
	   8.	Nf3   	O-O   
	   9.	O-O   	f4    
	  10.	d3    	b6    
	  11.	Qd2   	Nh5   
	  12.	Ne1   	g5    
	  13.	Be4   	Bh3   
	  14.	Ng2   	Nf6   
	  15.	Rfd1  	Rf7   
	  16.	Ne1   	d5    
	  17.	cxd5  	cxd5  
	  18.	Bh1   	Nc6   
	  19.	Nf3   	Ng4   
	  20.	c4    	Qf6   
	  21.	e3    	fxe3  
	  22.	fxe3  	e4    
	  23.	dxe4  	dxe4  
	  24.	Nd4   	Nxd4  
	  25.	exd4  	e3    

0-1

[Event "4NCL Open Section"]
[Site "De Vere High Wycombe ENG"]
[Date "2014.04.26"]
[Round "2.13"]
[White "Walker, Nicholas P"]
[Black "Nelson, Omowale A"]
[Result "1-0"]
[WhiteElo "191"]
[BlackElo "187"]
[EventDate "2014.04.26"]
[WhiteTeam "Hackney "]
[BlackTeam "Watford"]


	   1.	e4    	c6    
	   2.	Nc3   	d5    
	   3.	Nf3   	Bg4   
	   4.	h3    	Bxf3  
	   5.	Qxf3  	Nf6   
	   6.	e5    	Nfd7  
	   7.	d4    	e6    
	   8.	Bf4   	a6    
	   9.	Bd3   	c5    
	  10.	dxc5  	Nc6   
	  11.	Qg3   	Nxc5  
	  12.	O-O   	Qb6   
	  13.	Rab1  	g6    
	  14.	b4    	Nxd3  
	  15.	cxd3  	Qd4   
	  16.	Ne2   	Qb6   
	  17.	Be3   	d4    
	  18.	Bg5   	Bg7   
	  19.	f4    	O-O   
	  20.	Qh4   	Qb5   
	  21.	Rb3   	Rac8  
	  22.	Ng3   	Rc7   
	  23.	Ne4   	f5    
	  24.	exf6  	Bh8   
	  25.	Nc5   	Re8   
	  26.	Re1   	Nd8   
	  27.	Qg4   	Kf7   
	  28.	Re5   	Qc6   
	  29.	Qh4   	Kg8   
	  30.	Qe1   	Rf7   
	  31.	Ne4   	Rc7   
	  32.	Rc5   	Qb6   
	  33.	Qa1   	Nc6   
	  34.	b5    	axb5  
	  35.	Rcxb5 	Qa7   
	  36.	Qb2   	Ra8   
	  37.	Rxb7  
1-0

[Event "4NCL Open Section"]
[Site "De Vere High Wycombe ENG"]
[Date "2014.04.26"]
[Round "2.14"]
[White "Tiruchirapalli, Venkataramanan"]
[Black "Rogers, Tim  L"]
[Result "0-1"]
[WhiteElo "220"]
[BlackElo "190"]
[EventDate "2014.04.26"]
[WhiteTitle "FM"]
[WhiteTeam "Watford"]
[BlackTeam "Hackney "]


	   1.	Nf3   	d5    
	   2.	d4    	Nf6   
	   3.	g3    	e6    
	   4.	Bg2   	Be7   
	   5.	O-O   	O-O   
	   6.	c4    	Nbd7  
	   7.	Nc3   	dxc4  
	   8.	e4    	Nb6   
	   9.	Qe2   	c5    
	  10.	Rd1   	Bd7   
	  11.	a4    	a5    
	  12.	Be3   	Rc8   
	  13.	Ne5   	Qe8   
	  14.	Nxd7  	Nfxd7 
	  15.	e5    	cxd4  
	  16.	Bxd4  	Nc5   
	  17.	Bxc5  	Rxc5  
	  18.	f4    	Qb8   
	  19.	Ne4   	Rd5   
	  20.	Qg4   	Rxd1+ 
	  21.	Rxd1  	Nd5   
	  22.	Qe2   	Qa7+  
	  23.	Kh1   	h6    
	  24.	Nd6   	Bxd6  
	  25.	exd6  	Qc5   
	  26.	Bxd5  	exd5  
	  27.	Qe5   	Qb4   
	  28.	Rxd5  	Qxa4  
	  29.	d7    	Qc6   
	  30.	Kg1   	Rd8   
	  31.	Rd6   	Qc7   
	  32.	Qe8+  	Kh7   
	  33.	Qe7   	b5    
	  34.	Kg2   	b4    
	  35.	Qe5   	Kg8   
	  36.	Qe8+  	Kh7   
	  37.	Rd5   	c3    
	  38.	bxc3  	bxc3  
	  39.	Qe4+  	Kg8   
	  40.	Qe8+  	Kh7   
	  41.	Qe3   	c2    
	  42.	Rc5   	Qb7+  
	  43.	Kf2   	Rxd7  
	  44.	Rxc2  	Qb5   
	  45.	g4    	Qd5   
	  46.	f5    	h5    
	  47.	Rc5   	Qa2+  
	  48.	Kg3   	h4+   
	  49.	Kh3   	Rd2   
	  50.	Qe5   	f6    
	  51.	Qf4   	Rf2   
	  52.	g5    	Qa3+  
	  53.	Kg4   	Rxf4+ 
	  54.	Kxf4  	Qxc5  

0-1

[Event "4NCL Open Section"]
[Site "De Vere High Wycombe ENG"]
[Date "2014.04.27"]
[Round "3.11"]
[White "Kalerwa, Edwin M"]
[Black "Bates, Richard A"]
[Result "0-1"]
[WhiteElo "166"]
[BlackElo "218"]
[EventDate "2014.04.27"]
[PlyCount "78"]
[WhiteTeam "Watford"]
[BlackTeam "Hackney "]


	   1.	c4    	g6    
	   2.	Nc3   	Bg7   
	   3.	g3    	Nf6   
	   4.	Bg2   	O-O   
	   5.	e4    	c5    
	   6.	Nge2  	Nc6   
	   7.	O-O   	d6    
	   8.	d3    	Bd7   
	   9.	f3    	Ne8   
	  10.	Be3   	Nd4   
	  11.	Qd2   	Rb8   
	  12.	Rab1  	a5    
	  13.	Bg5   	b5    
	  14.	b3    	b4    
	  15.	Nd5   	f6    
	  16.	Be3   	Nxe2+ 
	  17.	Qxe2  	e6    
	  18.	Nf4   	Nc7   
	  19.	Nh3   	e5    
	  20.	f4    	Ne6   
	  21.	f5    	Nd4   
	  22.	Bxd4  	cxd4  
	  23.	g4    	Bh6   
	  24.	Rf3   	Be3+  
	  25.	Kh1   	g5    
	  26.	Ng1   	a4    
	  27.	h4    	axb3  
	  28.	axb3  	Ra8   
	  29.	Rh3   	h6    
	  30.	Bf3   	Kg7   
	  31.	Qe1   	Qa5   
	  32.	Ne2   	Qa2   
	  33.	hxg5  	Bxg5  
	  34.	Ng3   	Qc2   
	  35.	Bg2   	Ra2   
	  36.	Bf1   	Be8   
	  37.	Be2   	Bf7   
	  38.	Bf1   	Rfa8  
	  39.	Ne2   	R8a3  
    {White lost on time.}


0-1

[Event "4NCL Open Section"]
[Site "De Vere High Wycombe ENG"]
[Date "2014.04.27"]
[Round "3.12"]
[White "Eames, Robert S"]
[Black "Lancaster, Roger"]
[Result "1-0"]
[WhiteElo "193"]
[BlackElo "175"]
[EventDate "2014.04.27"]
[PlyCount "67"]
[WhiteTeam "Hackney "]
[BlackTeam "Watford"]


	   1.	e4    	e6    
	   2.	d4    	d5    
	   3.	Nc3   	Bb4   
	   4.	e5    	c5    
	   5.	a3    	Bxc3+ 
	   6.	bxc3  	Qa5   
	   7.	Bd2   	Qa4   
	   8.	Qb1   	c4    
	   9.	h4    	Nd7   
	  10.	h5    	f6    
	  11.	h6    	g6    
	  12.	f4    	Nb6   
	  13.	Nf3   	f5    
	  14.	Kd1   	Bd7   
	  15.	Be1   	Qc6   
	  16.	Bh4   	a5    
	  17.	Kd2   	Na4   
	  18.	Qe1   	Ra6   
	  19.	Bf6   	Nxf6  
	  20.	exf6  	Qc7   
	  21.	Ne5   	O-O   
	  22.	g4    	Be8   
	  23.	g5    	b5    
	  24.	Qb1   	Rb6   
	  25.	Rh3   	Bf7   
	  26.	Re3   	Rfb8  
	  27.	Ke1   	Be8   
	  28.	Kf2   	Bf7   
	  29.	Kg3   	Be8   
	  30.	Bg2   	Qd6   
	  31.	Qe1   	Bf7   
	  32.	Nxf7  	Kxf7  
	  33.	Rxe6  	Qd8   
	  34.	Re7+  
1-0

[Event "4NCL Open Section"]
[Site "De Vere High Wycombe ENG"]
[Date "2014.04.27"]
[Round "3.13"]
[White "Tiruchirapalli, Venkataramanan"]
[Black "Walker, Nicholas P"]
[Result "1-0"]
[WhiteElo "220"]
[BlackElo "191"]
[EventDate "2014.04.27"]
[PlyCount "119"]
[WhiteTeam "Watford"]
[BlackTeam "Hackney "]


	   1.	e4    	Nc6   
	   2.	Nf3   	e5    
	   3.	Bb5   	a6    
	   4.	Ba4   	Nf6   
	   5.	O-O   	b5    
	   6.	Bb3   	Be7   
	   7.	Re1   	d6    
	   8.	c3    	O-O   
	   9.	h3    	Nb8   
	  10.	d4    	Nbd7  
	  11.	Nbd2  	Bb7   
	  12.	Bc2   	Re8   
	  13.	Nf1   	Bf8   
	  14.	Ng3   	g6    
	  15.	a4    	Bg7   
	  16.	Bd3   	c6    
	  17.	Bg5   	h6    
	  18.	Be3   	Qc7   
	  19.	Qd2   	Kh7   
	  20.	Nh4   	c5    
	  21.	axb5  	axb5  
	  22.	Rxa8  	Bxa8  
	  23.	d5    	c4    
	  24.	Bc2   	Bb7   
	  25.	Ra1   	Ra8   
	  26.	Qc1   	Qd8   
	  27.	Nf3   	Ra5   
	  28.	Ra3   	Rxa3  
	  29.	bxa3  	Qa5   
	  30.	Qb2   	Bxd5  
	  31.	exd5  	Nxd5  
	  32.	Bd2   	Nc5   
	  33.	Ne4   	Nxe4  
	  34.	Bxe4  	Ne7   
	  35.	Qb4   	Qxb4  
	  36.	axb4  	d5    
	  37.	Bb1   	Nc6   
	  38.	Be3   	d4    
	  39.	Be4   	Nxb4  
	  40.	cxb4  	dxe3  
	  41.	fxe3  	Bf8   
	  42.	Bc6   	Bxb4  
	  43.	Bxb5  	c3    
	  44.	Bd3   	Bd6   
	  45.	g4    	Kg7   
	  46.	Kf2   	Kf6   
	  47.	Ke2   	Bc5   
	  48.	Bc2   	Ke6   
	  49.	Bb3+  	Kf6   
	  50.	Kd3   	h5    
	  51.	Ke4   	hxg4  
	  52.	hxg4  	Ke7   
	  53.	g5    	f6    
	  54.	gxf6+ 	Kxf6  
	  55.	Nxe5  	Kg5   
	  56.	Bd1   	Kh4   
	  57.	Nxg6+ 	Kg3   
	  58.	Nf4   	Ba7   
	  59.	Kd3   	Kf2   
	  60.	e4    
1-0

[Event "4NCL Open Section"]
[Site "De Vere High Wycombe ENG"]
[Date "2014.04.27"]
[Round "3.14"]
[White "Rogers, Tim  L"]
[Black "Nelson, Omowale A"]
[Result "1-0"]
[WhiteElo "190"]
[BlackElo "187"]
[EventDate "2014.04.27"]
[PlyCount "83"]
[WhiteTeam "Hackney "]
[BlackTeam "Watford"]


	   1.	e4    	c6    
	   2.	d4    	d5    
	   3.	e5    	Bf5   
	   4.	Be2   	e6    
	   5.	Nf3   	Nd7   
	   6.	O-O   	Ne7   
	   7.	Nbd2  	c5    
	   8.	c4    	dxc4  
	   9.	Nxc4  	Nc6   
	  10.	Bg5   	Qb8   
	  11.	Rc1   	Be4   
	  12.	Nd6+  	Bxd6  
	  13.	exd6  	Bxf3  
	  14.	Bxf3  	Nxd4  
	  15.	b4    	Qxd6  
	  16.	Bxb7  	Rb8   
	  17.	bxc5  	Nxc5  
	  18.	Bc6+  	Kf8   
	  19.	g3    	e5    
	  20.	Bg2   	h6    
	  21.	Be3   	Nce6  
	  22.	Rc6   	Qa3   
	  23.	Bxd4  	Nxd4  
	  24.	Rc7   	Ne6   
	  25.	Rd7   	g6    
	  26.	Qd5   	Qc5   
	  27.	Qxc5+ 	Nxc5  
	  28.	Rxa7  	Rb6   
	  29.	Bd5   	Rf6   
	  30.	Rc1   	Nd3   
	  31.	Rc8+  	Kg7   
	  32.	Rxh8  	Kxh8  
	  33.	Rxf7  	Rxf7  
	  34.	Bxf7  	Kg7   
	  35.	Bc4   	Nb4   
	  36.	a4    	Nc6   
	  37.	Bd5   	Na5   
	  38.	Kg2   	Kf6   
	  39.	Kf3   	Ke7   
	  40.	Ke4   	Kf6   
	  41.	f3    	g5    
	  42.	g4    
1-0

[Event "4NCL Open Section"]
[Site "De Vere High Wycombe ENG"]
[Date "2014.04.27"]
[Round "4.11"]
[White "Bates, Richard A"]
[Black "Tiruchirapalli, Venkataramanan"]
[Result "1-0"]
[WhiteElo "218"]
[BlackElo "220"]
[EventDate "2014.04.27"]
[PlyCount "95"]
[WhiteTeam "Hackney "]
[BlackTeam "Watford"]


	   1.	d4    	d5    
	   2.	c4    	e6    
	   3.	Nf3   	Nf6   
	   4.	g3    	Be7   
	   5.	Bg2   	O-O   
	   6.	O-O   	dxc4  
	   7.	Qc2   	a6    
	   8.	Qxc4  	b5    
	   9.	Qc2   	Bb7   
	  10.	Bd2   	Ra7   
	  11.	Rc1   	Be4   
	  12.	Qd1   	Bxf3  
	  13.	Bxf3  	Qxd4  
	  14.	Qc2   	c5    
	  15.	a4    	b4    
	  16.	Be3   	Qd8   
	  17.	Nd2   	Nbd7  
	  18.	Nc4   	Nd5   
	  19.	Bd2   	Bf6   
	  20.	Rd1   	Qb8   
	  21.	e4    	N5b6  
	  22.	Bf4   	Ne5   
	  23.	Nxe5  	Bxe5  
	  24.	Qxc5  	Bxf4  
	  25.	gxf4  	Nd7   
	  26.	Qd6   	e5    
	  27.	fxe5  	Nxe5  
	  28.	Be2   	Ng6   
	  29.	Bxa6  	Qa8   
	  30.	Bb5   	Qxe4  
	  31.	Re1   	Qg4+  
	  32.	Qg3   	Qd4   
	  33.	Qe3   	Qg4+  
	  34.	Kh1   	Re7   
	  35.	Qg3   	Rxe1+ 
	  36.	Rxe1  	Qd4   
	  37.	b3    	Qd5+  
	  38.	Kg1   	Rd8   
	  39.	Bc4   	Qd2   
	  40.	Qe3   	Qd6   
	  41.	a5    	h5    
	  42.	a6    	Nh4   
	  43.	Qe4   	Qd2   
	  44.	Kf1   	g5    
	  45.	a7    	Qc3   
	  46.	a8=Q  	Rxa8  
	  47.	Qxa8+ 	Kg7   
	  48.	Qa1   
1-0

[Event "4NCL Open Section"]
[Site "De Vere High Wycombe ENG"]
[Date "2014.04.27"]
[Round "4.12"]
[White "Nelson, Omowale A"]
[Black "Eames, Robert S"]
[Result "0-1"]
[WhiteElo "187"]
[BlackElo "193"]
[EventDate "2014.04.27"]
[PlyCount "89"]
[WhiteTeam "Watford"]
[BlackTeam "Hackney "]


	   1.	d4    	Nf6   
	   2.	c4    	c5    
	   3.	Nf3   	cxd4  
	   4.	Nxd4  	e5    
	   5.	Nb5   	d5    
	   6.	cxd5  	Bc5   
	   7.	N5c3  	O-O   
	   8.	e3    	e4    
	   9.	Nd2   	Qe7   
	  10.	g3    	Bg4   
	  11.	Qb3   	Nbd7  
	  12.	Bg2   	Bb4   
	  13.	O-O   	Bxc3  
	  14.	bxc3  	Be2   
	  15.	Re1   	Nc5   
	  16.	Qa3   	Bd3   
	  17.	c4    	b6    
	  18.	Bb2   	Ng4   
	  19.	Rac1  	Qg5   
	  20.	Bd4   	Qf5   
	  21.	f3    	exf3  
	  22.	Bxf3  	Ne5   
	  23.	Bxe5  	Qxe5  
	  24.	Qc3   	Qxc3  
	  25.	Rxc3  	Bg6   
	  26.	Nb3   	Na4   
	  27.	Rcc1  	Nb2   
	  28.	Be2   	Rfe8  
	  29.	Bf1   	Be4   
	  30.	Nd4   	Rac8  
	  31.	Nb5   	Rc5   
	  32.	Rc3   	Rd8   
	  33.	Rec1  	a6    
	  34.	Nd4   	Na4   
	  35.	Ra3   	b5    
	  36.	Nb3   	Rcc8  
	  37.	cxb5  	axb5  
	  38.	Bxb5  	Nc3   
	  39.	Ba6   	Rc7   
	  40.	Ra4   	f5    
	  41.	Rd4   	Rd6   
	  42.	Bf1   	Kf7   
	  43.	Ra1   	Kf6   
	  44.	Nd2   	Bxd5  
	  45.	Nc4   
0-1

[Event "4NCL Open Section"]
[Site "De Vere High Wycombe ENG"]
[Date "2014.04.27"]
[Round "4.13"]
[White "Walker, Nicholas P"]
[Black "Kalerwa, Edwin M"]
[Result "1-0"]
[WhiteElo "191"]
[BlackElo "166"]
[EventDate "2014.04.27"]
[PlyCount "69"]
[WhiteTeam "Hackney "]
[BlackTeam "Watford"]


	   1.	d4    	Nf6   
	   2.	Bg5   	c5    
	   3.	d5    	d6    
	   4.	Bxf6  	gxf6  
	   5.	e4    	Nd7   
	   6.	Nd2   	a6    
	   7.	a4    	Ne5   
	   8.	f4    	Ng6   
	   9.	g3    	f5    
	  10.	Bd3   	fxe4  
	  11.	Bxe4  	Bg7   
	  12.	c3    	O-O   
	  13.	h4    	Re8   
	  14.	h5    	Nf8   
	  15.	Qc2   	e6    
	  16.	O-O-O 	Ra7   
	  17.	Ngf3  	b5    
	  18.	dxe6  	fxe6  
	  19.	Ng5   	Bf6   
	  20.	Bc6   	Ree7  
	  21.	Nde4  	Rec7  
	  22.	Rxd6  	Qe7   
	  23.	Nxf6+ 	Qxf6  
	  24.	a5    	Bb7   
	  25.	Bxb7  	Rcxb7 
	  26.	Re1   	Rd7   
	  27.	Red1  	Rg7   
	  28.	Rc6   	c4    
	  29.	Rdd6  	h6    
	  30.	Ne4   	Qf5   
	  31.	Rc5   	Qh3   
	  32.	Kb1   	Nd7   
	  33.	Rc8+  	Kf7   
	  34.	Qd1   	Qf5   
	  35.	Rxd7+ 
1-0

[Event "4NCL Open Section"]
[Site "De Vere High Wycombe ENG"]
[Date "2014.04.27"]
[Round "4.14"]
[White "Charles, Simon"]
[Black "Rogers, Tim  L"]
[Result "0-1"]
[WhiteElo "157"]
[BlackElo "190"]
[EventDate "2014.04.27"]
[PlyCount "140"]
[WhiteTeam "Watford"]
[BlackTeam "Hackney "]


	   1.	e4    	c6    
	   2.	d4    	d5    
	   3.	e5    	c5    
	   4.	c3    	Nc6   
	   5.	Be3   	cxd4  
	   6.	cxd4  	Nh6   
	   7.	Nf3   	Bg4   
	   8.	Be2   	Nf5   
	   9.	O-O   	e6    
	  10.	h3    	Bxf3  
	  11.	Bxf3  	Qb6   
	  12.	Qd2   	Ncxd4 
	  13.	Bg4   	Bc5   
	  14.	Bxf5  	Nxf5  
	  15.	Bxc5  	Qxc5  
	  16.	Rc1   	Qb6   
	  17.	Nc3   	O-O   
	  18.	Na4   	Qb5   
	  19.	Nc3   	Qa5   
	  20.	g4    	Ne7   
	  21.	Qe2   	Nc6   
	  22.	a3    	Qc7   
	  23.	f4    	Qb6+  
	  24.	Qf2   	Qxf2+ 
	  25.	Kxf2  	g5    
	  26.	Kg3   	gxf4+ 
	  27.	Kxf4  	Nd4   
	  28.	Rg1   	Rac8  
	  29.	Rg2   	Rc4   
	  30.	Kg3   	Rfc8  
	  31.	Rf1   	a6    
	  32.	Ne2   	Nc6   
	  33.	Nf4   	Nxe5  
	  34.	Nh5   	Rc2   
	  35.	Rff2  	Rxf2  
	  36.	Rxf2  	d4    
	  37.	Rd2   	d3    
	  38.	Kf4   	Rc2   
	  39.	Nf6+  	Kg7   
	  40.	Ne4   	Rxd2  
	  41.	Nxd2  	f6    
	  42.	h4    	Ng6+  
	  43.	Kg3   	e5    
	  44.	h5    	Nf4   
	  45.	Kf3   	Kf7   
	  46.	Ne4   	Ke6   
	  47.	Ke3   	b6    
	  48.	Ng3   	a5    
	  49.	b3    	b5    
	  50.	Ne4   	f5    
	  51.	gxf5+ 	Kxf5  
	  52.	Nd6+  	Ke6   
	  53.	Nxb5  	Nxh5  
	  54.	Kxd3  	Nf4+  
	  55.	Ke4   	Nd5   
	  56.	b4    	axb4  
	  57.	axb4  	Nxb4  
	  58.	Nc3   	h5    
	  59.	Kf3   	Nd5   
	  60.	Ne4   	Nf6   
	  61.	Ng5+  	Kd5   
	  62.	Nh3   	Kd4   
	  63.	Ke2   	Ke4   
	  64.	Nf2+  	Kd4   
	  65.	Nh3   	h4    
	  66.	Ng5   	e4    
	  67.	Ne6+  	Ke5   
	  68.	Ng5   	Kf4   
	  69.	Ne6+  	Kg4   
	  70.	Nd4   	Kg5   

0-1